|
|
|
|
| LEADER |
01116pam a22002778a 4500 |
| 001 |
00045745 |
| 005 |
20200904090936.0 |
| 008 |
110812s2002 ||||||viesd |
| 020 |
# |
# |
|c 21000
|a 9786040195715
|
| 041 |
0 |
# |
|a vie
|
| 082 |
1 |
4 |
|a 372.3
|b T550NH
|
| 245 |
0 |
0 |
|a Tự nhiên và xã hội 1
|c Vũ Văn Hùng (tổng chủ biên); Nguyễn Thị Thấn (chủ biên); Đào Thị Hồng,...[và những người khác]
|
| 260 |
# |
# |
|c 2020
|a Hà Nội
|b Giáo dục
|
| 300 |
# |
# |
|a 123 tr.
|b minh hoạ màu
|c 27 cm
|
| 490 |
# |
# |
|a Kết nối tri thức với cuộc sống
|
| 653 |
# |
# |
|a Lớp 1
|
| 653 |
# |
# |
|a Sách giáo khoa
|
| 653 |
# |
# |
|a Xã hội
|
| 653 |
# |
# |
|a Tự nhiên
|
| 700 |
1 |
# |
|a Hoàng, Quý Tỉnh
|
| 700 |
1 |
# |
|a Nguyễn, Thị Thấn
|e Chủ biên
|
| 700 |
1 |
# |
|a Phương, Hà Lan
|
| 700 |
1 |
# |
|a Đào, Thị Hồng
|
| 700 |
1 |
# |
|a Vũ, Văn Hùng
|e Tổng chủ biên
|
| 852 |
# |
# |
|j KGT.0060186
|j KGT.0060185
|j KD.0027386
|j KGT.0060183
|j KGT.0060184
|
| 980 |
# |
# |
|a Trung tâm Học liệu Lê Vũ Hùng, Trường Đại học Đồng Tháp
|